| 000 | 01541nam a2200457 i 4500 | ||
|---|---|---|---|
| 001 | 28486 | ||
| 003 | KOSZ 005 | ||
| 005 | 20230220121906.0 | ||
| 008 | 971113s1988 pl a f |001 0 pol | ||
| 015 | _aPB 1988/6356 | ||
| 020 | _a8301088230 | ||
| 040 |
_aWA N _cWA N _dKOSZ 005/HR |
||
| 041 | 1 |
_apol _heng |
|
| 046 | _k1971 | ||
| 080 | _a530.1 | ||
| 080 | _a539.1 | ||
| 080 | _a519.2 | ||
| 100 | 1 |
_aFetter, Alexander L. _d(1937- ) _eAutor |
|
| 245 | 1 | 0 |
_aKwantowa teoria układów wielu cząstek / _cA. L. Fetter, J. D. Walecka ; [z ang. tł. Andrzej Popielewicz, Edward Szczepaniak]. |
| 246 | 1 |
_iTyt. oryg.: _aQuantum theory of many-particle systems, _f1971. |
|
| 250 | _a[Wyd. 2]. | ||
| 260 |
_aWarszawa : _bPańst. Wydaw. Naukowe, _c1988. |
||
| 300 |
_a557, [2] s. : _brys., wykr. ; _c24 cm. |
||
| 336 |
_2rdacontent _aTekst _btxt |
||
| 337 |
_2rdamedia _aBez urządzenia pośredniczącego _bn |
||
| 338 |
_2rdacarrier _aWolumin _bnc |
||
| 380 | _aKsiążki | ||
| 388 | _a1901-2000 | ||
| 388 | _a1945-1989 | ||
| 504 | _aIndeks. | ||
| 650 | 4 | _aFizyka jądrowa | |
| 650 | 4 | _aMechanika kwantowa | |
| 650 | 4 | _aFizyka statystyczna | |
| 650 | 4 | _aTeoria pola | |
| 658 | _aFizyka i astronomia | ||
| 700 | 1 |
_aWalecka, John Dirk _eAutor |
|
| 700 | 1 |
_aPopielewicz, Andrzej _eTłumaczenie |
|
| 700 | 1 |
_aSzczepaniak, Edward _eTłumaczenie |
|
| 856 |
_uhttp://koha.tu.koszalin.pl/cgi-bin/koha/opac-detail.pl?biblionumber=28486 _yKatalog online BPK |
||
| 942 |
_2UKD _cKS |
||
| 999 |
_c28486 _d28486 |
||